Tử tế đáng giá bao nhiêu? (Record no. 5)
[ view plain ]
| 000 -Trường điều khiển | |
|---|---|
| 01383nam a2200277 u 4500 | |
| 005 - Thời gian thao tác lần cuối với biểu ghi | |
| 20240524070845.0 | |
| 008 - Trường có độ dài cố định -- Thông tin chung tài liệu | |
| 210106s2020 vm vie d | |
| 020 ## - Số sách chuẩn quốc tế ISBN | |
| Số ISBN | 9786045848012 |
| Giá tài liệu | :98.000 VNĐ |
| 040 ## - Thông tin cơ quan biên mục | |
| Cơ quan biên mục gốc | DLC |
| Ngôn ngữ biên mục | vie |
| Quy tắc mô tả | AACR2 |
| 041 1# - Mã ngôn ngữ | |
| Mã ngôn ngữ của chính văn | vie |
| Mã ngôn ngữ tài liệu gốc | eng |
| 044 ## - Mã nước xuất bản/Sản xuất | |
| Quốc gia xuất bản/cấp phát mã số thực thể | vm |
| 082 74 - Ký hiệu phân loại DDC | |
| Chỉ số DDC | 177.7 |
| Chỉ số Cutter | T550T |
| 100 1# - Tiêu đề chính -- Tên cá nhân | |
| Họ tên cá nhân | Russell, Bernadette |
| 245 ## - Nhan đề chính | |
| Nhan đề chính | Tử tế đáng giá bao nhiêu? |
| Phần còn lại của nhan đề | : The little book of kindness : everyday actions to change your life and the world around you |
| Thông tin trách nhiệm | /Bernadette Russell ; Thanh Thảo dịch. |
| 246 11 - Nhan đề khác | |
| Nhan đề khác | The little book of kindness |
| Phần còn lại của nhan đề | : everyday actions to change your life and the world around you |
| 250 ## - Thông tin lần xuất bản | |
| Lần xuất bản | Tái bản lần 1. |
| 260 ## - Địa chỉ xuất bản | |
| Nơi xuất bản | TP. Hồ Chí Minh |
| Nhà xuất bản | : Tổng hợp TP. Hồ Chí Minh |
| Năm xuất bản | , 2020 |
| 300 ## - Mô tả vật lý | |
| Độ lớn/Số trang | 158 tr. |
| Kích thước, khổ cỡ | ; 17 cm |
| 520 #3 - Tóm tắt/Chú giải | |
| Những ý tưởng giúp bạn thực hành sự tử tế trong cuộc sống hằng ngày và duy trì sự tử tế của bạn suốt cả năm: Tử tế với bản thân, những người bạn yêu thương, người lạ, những người bất đồng ý kiến với bạn, người lớn tuổi, với môi trường, với cộng đồng nơi bạn đang sống, tử tế trên mạng xã hội, tử tế trong công việc. | |
| 653 #0 - Thuật ngữ chủ đề không kiểm soát | |
| Từ khóa | Kindness |
| 653 #4 - Thuật ngữ chủ đề không kiểm soát | |
| Từ khóa | Hạnh phúc |
| 653 #4 - Thuật ngữ chủ đề không kiểm soát | |
| Từ khóa | Lòng tốt |
| 653 #0 - Thuật ngữ chủ đề không kiểm soát | |
| Từ khóa | Happiness |
| 700 0# - Tiêu đề bổ sung -- Tên cá nhân | |
| Họ tên cá nhân | Thanh Thảo |
| 942 ## - Định dạng tài liệu (KOHA) | |
| Nguồn phân loại | Dewey Decimal Classification |
| Kiểu tài liệu (Koha) | Books |
| Số lần ghi mượn | Ký hiệu phân loại | Đăng ký cá biệt | Cập nhật lần cuối | Số bản sao | Ngày áp dụng giá thay thế | Kiểu tài liệu | Trạng thái mất tài liệu | Nguồn phân loại | Trạng thái hư hỏng | Không cho mượn về | Trạng thái lưu thông | Thư viện sở hữu | Thư viện lưu trữ | Ngày bổ sung |
|---|---|---|---|---|---|---|---|---|---|---|---|---|---|---|
| 177.7 T550T | DL00000004 | 09/05/2024 | 1 | 09/05/2024 | Books | Dewey Decimal Classification | Sẵn sàng lưu thông | Centerville | Centerville | 09/05/2024 |
